MICROECONOMICS (Record no. 216129)
[ view plain ]
| 000 -LEADER | |
|---|---|
| fixed length control field | 00476nam a22001937a 4500 |
| 008 - FIXED-LENGTH DATA ELEMENTS--GENERAL INFORMATION | |
| fixed length control field | 250930b |||||||| |||| 00| 0 eng d |
| 020 ## - INTERNATIONAL STANDARD BOOK NUMBER | |
| International Standard Book Number | 978-1-4737-2539-3 |
| 050 ## - LIBRARY OF CONGRESS CALL NUMBER | |
| Classification number | HB172.M36 2017 |
| Item number | C.2 |
| 100 ## - MAIN ENTRY--PERSONAL NAME | |
| Personal name | MANKIW,N.GREGORY |
| 245 ## - TITLE STATEMENT | |
| Title | MICROECONOMICS |
| 250 ## - EDITION STATEMENT | |
| Edition statement | FOURTH |
| 260 ## - PUBLICATION, DISTRIBUTION, ETC. | |
| Place of publication, distribution, etc. | CANADA |
| Name of publisher, distributor, etc. | CENGAGE |
| Date of publication, distribution, etc. | 2017 |
| 300 ## - PHYSICAL DESCRIPTION | |
| Extent | 423P |
| 500 ## - GENERAL NOTE | |
| General note | INCLUDES INDEX |
| 650 ## - SUBJECT ADDED ENTRY | |
| Topical term or geographic name entry element | Microeconomic |
| 700 ## - ADDED ENTRY--PERSONAL NAME | |
| Personal name | MANKIW, N. GREGORY |
| 942 ## - ADDED ENTRY ELEMENTS (KOHA) | |
| Source of classification or shelving scheme | Library of Congress Classification |
| Koha item type | Long Loan Book |
| Withdrawn status | Lost status | Source of classification or shelving scheme | Damaged status | Not for loan | Collection | Home library | Current library | Date acquired | Inventory number | Total checkouts | Full call number | Barcode | Date last seen | Date last checked out | Price effective from | Koha item type |
|---|---|---|---|---|---|---|---|---|---|---|---|---|---|---|---|---|
| Library of Congress Classification | Business & Economics | Kisii University Library | Kisii University Library | 09/30/2025 | 109212 | 1 | HB172 .M36 2017 C.2 | 000000017512 | 09/30/2025 | 09/30/2025 | 09/30/2025 | Long Loan Book |